00000000nam##2200000za#4500
0019.681207
003CaOODSP
00520200923134522
007ta
008150407|2000||||xxc|||||     f|0| 0 fre|d
020 |a0-662-84926-4
040 |aCaOODSP|bfre
043 |an-cn---
0861 |aNS1-2/2000F
1102 |aConseil de recherches en sciences naturelles et en génie du Canada.
24510|aCRSNG Guide du chercheur, 2000
260 |aOttawa - Ontario : |bConseil de recherches en sciences naturelles et en génie |c2000.
300 |avii, 93p. ; |c28 cm.
563 |aCouverture souple
590 |a01-16|b2001-04-20
69107|aRécompense|2gcpds
69107|aSubvention de recherche|2gcpds
69107|aSciences naturelles|2gcpds
69107|aIngénierie|2gcpds
77508|tNSERC researcher's guide, 2000 |w(CaOODSP)9.647827